000 00322nam a2200145 i 4500
001 bg
100 1 _aREUFF, Piotr
245 0 _aPrzepisy ruchu drogowego /
_cPiotr Reuff.
250 _aWyd.2.
260 _aWarszawa,
_c1970.
040 _cBPK
041 _apol
942 _cKS
008 s pl f |000 0 pol
999 _c7128
_d7128
856 _uhttp://koha.tu.koszalin.pl/cgi-bin/koha/opac-detail.pl?biblionumber=7128
_yKatalog online BPK